Smallest Countries That HAVE Won Olympic Gold - Statistics

General Stats
  • This quiz has been taken 418 times
  • The average score is 8 of 20
Answer Stats
summer winter country % Correct
1 0 Luxembourg
78%
0 2 Liechtenstein
75%
17 0 Jamaica
70%
1 0 Fiji
64%
5 0 Bahamas
56%
2 0 Trinidad and Tobago
54%
9 4 Estonia
44%
1 0 Grenada
44%
1 0 Kosovo
44%
3 0 Latvia
44%
6 0 Lithuania
41%
4 2 Slovenia
40%
6 4 Croatia
28%
1 0 Panama
25%
1 0 Armenia
23%
1 0 Suriname
23%
6 0 Georgia
21%
2 0 Uruguay
17%
1 0 Puerto Rico
12%
2 0 Mongolia
11%
No matching quizzes found
Score Distribution
Percent of People with Each Score
Percentile by Number Answered
Your Score History
You have not taken this quiz